História elementar de Portugal (Registo nº 4084)

Detalhes MARC
000 -Etiqueta do registo
Cabeçalho 00677cam a2200265 4500
005 - Identificador da versão
Campo de controlo 20240813122052.0
095 ## -
-- PTBN00540093
010 ## - Número internacional normalizado dos livros (ISBN)
Número (ISBN) 9720170271
021 ## - Número do Depósito Legal
Código do país PT
Número 71923/93
100 ## - Dados gerais de processamento
Dados gerais de processamento 19940118d1993 am y0pory5003 ba
102 ## - Pais de publicação ou produção
País de publicação Portugal
101 0# - Língua de publicação
Língua do texto, banda sonora, etc. Português
106 ## - Campo de dados codificados: material textual
Dados codificados do material textual r
105 ## - Campo de dados codificados: livros
Dados codificados dos livros a z 001yy
215 ## - Descrição física 
Indicação específica da natureza do documento e extensão da espécie 143 p.
Outras indicações físicas il.
Dimensões 27 cm
200 1# - Titulo e menção de responsabilidade
Título próprio História elementar de Portugal
Primeira menção de responsabilidade C. Figueiredo Lopes
210 ## - Publicação, Distribuição, etc. 
Lugar da edição, distribuição, etc. Porto
Nome do editor, distribuidor, etc. Porto Editora
Data da publicação, distribuição, etc. D.L. 1993
675 ## - Classificação Decimal Universal (CDU)
Notação 94(469)(045)"1806/1815"
Edição BN
Língua da edição por
607 ## - Nome geográfico usado como assunto
Número de registo de entrada de autoridade 0000645
Código do sistema SIPOR
700 #1 - Nome de autor-pessoa física (responsabilidade principal)
Número de registo de entrada de autoridade 0000646
Palavra de ordem Lopes
Outra parte do nome não tomada para palavra de ordem C. Figueiredo
942 ## - Elementos de entrada adicionados (Koha)
Tipo de item no Koha Livro
Exemplares
Situação do levantamento Origin of item (home branch) (coded) Biblioteca de empréstimo Código de barras Cota Circulation type (not for loan) Tipo de documento Nota do exemplar Damaged status
  Biblioteca Escolar das Vendas Biblioteca Escolar das Vendas BEV841 9PT LOP   Livro Sem mensagem